Kraje z najniższym wskaźnikiem HDI - Statystyki

Ogólne statystyki
  • Ten quiz został rozwiązany 86 razy
  • Średni wynik to 37 z 50
Statystyki odpowiedzi
HDI Kraj % Poprawnych
0.400 Niger
92%
0.394 Czad
86%
0.492 Erytrea
86%
0.498 Etiopia
86%
0.535 Nigeria
86%
0.508 Sudan
86%
0.428 Mali
85%
0.479 Demokratyczna Republika Konga
83%
0.465 Gwinea
83%
0.385 Sudan Południowy
83%
0.501 Madagaskar
82%
0.525 Uganda
81%
0.565 Zambia
81%
0.593 Zimbabwe
81%
0.509 Dżibuti
79%
0.571 Kongo
79%
0.478 Afganistan
78%
0.483 Gwinea Bissau
78%
0.576 Kamerun
78%
0.575 Kenia
78%
0.556 Mauretania
78%
0.446 Mozambik
78%
0.404 Republika Środkowoafrykańska
78%
0.511 Senegal
78%
0.549 Tanzania
78%
0.455 Jemen
76%
0.534 Rwanda
76%
0.577 Syria
76%
0.525 Benin
75%
0.597 Eswatini
75%
0.426 Burundi
74%
0.500 Gambia
74%
0.596 Gwinea Równikowa
74%
0.514 Lesotho
74%
0.481 Liberia
72%
0.539 Togo
72%
0.550 Wybrzeże Kości Słoniowej
72%
0.586 Angola
71%
0.512 Malawi
69%
0.449 Burkina Faso
68%
0.544 Pakistan
67%
0.477 Sierra Leone
67%
0.593 Kambodża
64%
0.585 Mjanma
61%
0.558 Papua Nowa Gwinea
61%
0.535 Haiti
58%
0.607 Timor Wschodni
58%
0.558 Komory
57%
0.602 Nepal
51%
0.564 Wyspy Salomona
29%
Nie znaleziono quizów pasujących do podanych kryteriów
Rozkład punktacji
Procent ludzi z każdym wynikiem
Percentyl według liczby udzielonych odpowiedzi
Twoja historia wyników
Nie rozwiązałeś tego quizu